000 01594nam a2200277Ia 4500
999 _c52654
_d52654
001 19678
003 GE_BSU
005 20200321223533.0
008 181216s1984||||ge |||||||||||||| ||geo||
020 _aISSN 0207-1304
040 _cGE_BSU
041 _ageo
080 _a811.353.1'373 ქ-27
245 _aქართული სიტყვის კულტურის საკითხები :
_bწ. 6 [სტატიების კრებული] /
_cმთ. რედ. შუქია აფრიდონიძე ; სარედ. კოლ. : თამარ ზურაბიშვილი, ანა კალანდაძე და სხვ.
264 _aთბილისი :
_bმეცნიერება,
_c1984.
300 _a354 გვ. ;
_b1 ფ. პორტრ. ;
_c 22 სმ.
500 _aშემოკლებათა განმარტება : გვ. 345-351
501 _aეძღვნება ი. გიგინეიშვილის ხსოვნას
520 _aეძღვნება ი. გიგინეიშვილის ხსოვნას.
653 _aქართული ენა
653 _aქართული სიტყვის კულტურა
700 _aაფრიდონიძე, შუქია
_eმთავარი რედაქტორი
_91198
710 _aსაქ. სსრ მეცნ. აკადემია
_97778
710 _aენათმეცნიერების ინსტიტუტი
_91236
942 _cBK
_2udc